[Event "ECF Schools-ch"]
[Site "Nottingham"]
[Date "2024.06.27"]
[Round "3.5"]
[White "Schwager, Ziggy"]
[Black "Ragu, Sachin"]
[Result "1-0"]
[WhiteElo "1357"]
[BlackElo "1542"]
[PlyCount "45"]
[EventDate "2024.06.27"]
[EventType "team-swiss"]
[EventRounds "5"]
[EventCountry "ENG"]
[SourceTitle "EXT 2025"]
[Source "ChessBase"]
[SourceDate "2024.10.14"]
[SourceVersion "1"]
[SourceVersionDate "2024.10.14"]
[SourceQuality "1"]
[WhiteTeam "University College School"]
[BlackTeam "Leeds Grammar School"]
[WhiteTeamCountry "ENG"]
[BlackTeamCountry "ENG"]

1. c4 e5 2. Nc3 Nf6 3. g3 Nc6 4. Bg2 Bc5 5. e4 d6 6. h3 Be6 7. d3 h6 8. Nd5 Nd4 9. Ne2 c6 10. Nxd4 Bxd4 11. Nxf6+ Qxf6 12. 0-0 Qg6 13. Kh2 Rb8 14. Be3 Bxb2 15. Rb1 Bd4 16. Bxd4 exd4 17. Qa4 a5 18. f4 Qh7 19. f5 Bd7 20. Qxa5 0-0 21. Qc7 Rfd8 22. Rxb7 Rxb7 23. Qxd8+ 1-0